Diagnosis of Defective Colour Vision / (Record no. 1810)

MARC details
000 -LEADER
fixed length control field 00499nam a22001817a 4500
003 - CONTROL NUMBER IDENTIFIER
control field OSt
005 - DATE AND TIME OF LATEST TRANSACTION
control field 20150520180335.0
008 - FIXED-LENGTH DATA ELEMENTS--GENERAL INFORMATION
fixed length control field 150520b xxu||||| |||| 00| 0 eng d
020 ## - INTERNATIONAL STANDARD BOOK NUMBER
International Standard Book Number 0750640472
040 ## - CATALOGING SOURCE
Transcribing agency DLC
082 ## - DEWEY DECIMAL CLASSIFICATION NUMBER
Classification number WW 150 B53d 1993
100 ## - MAIN ENTRY--PERSONAL NAME
Personal name Birch Jennifer
9 (RLIN) 4764
245 ## - TITLE STATEMENT
Title Diagnosis of Defective Colour Vision /
Statement of responsibility, etc. Jennifer Birch
260 ## - PUBLICATION, DISTRIBUTION, ETC. (IMPRINT)
Place of publication, distribution, etc. Oxford :
Name of publisher, distributor, etc. Butterworth Heinemann;
Date of publication, distribution, etc. 1993
300 ## - PHYSICAL DESCRIPTION
Extent viii, 187 p :
Other physical details ill,
Dimensions 27 cm
650 ## - SUBJECT ADDED ENTRY--TOPICAL TERM
Topical term or geographic name as entry element Colour vision
9 (RLIN) 4765
942 ## - ADDED ENTRY ELEMENTS (KOHA)
Source of classification or shelving scheme Other/Generic Classification Scheme
Koha item type Short Loan
Holdings
Withdrawn status Lost status Source of classification or shelving scheme Damaged status Not for loan Home library Current library Date acquired Source of acquisition Inventory number Total Checkouts Full call number Barcode Date last seen Price effective from Koha item type
    Other/Generic Classification Scheme     MUST Main Library MUST Main Library 20/05/2015   2002/17668   WW 150 B53d 1993 2015-1500 20/05/2015 20/05/2015 Short Loan
    Other/Generic Classification Scheme     MUST Main Library MUST Main Library 20/05/2015   2002/17669   WW 150 B53d 1993 2015-1501 20/05/2015 20/05/2015 Short Loan